000 00763nam a22002297a 4500
003 OSt
005 20151028104447.0
008 130920t xxu||||| |||| 00| 0 eng d
020 _a9833664016
050 _aPZ 8
_b.Al316 2007
082 _aGS 398.20421
_bC43a 2007
245 _aAladdin and the magic lamp and other tales /
260 _aMalaysia :
_bKohwai & Young,
_c2007.
300 _a66 p. :
_bcol. ill. ;
_c28 cm.
440 _aChildren's favourite fairy tales
_921075
520 _aAladdin and the Magic Lamp Beauty and the Best The Three Billy Goats Gruff The Little Match Girl
650 _aAladdin (Tale).
_921089
650 _aFairy tales.
_93114
650 _aFolk literature, English.
_921077
942 _2lcc
_cBK
999 _c11782
_d11782